मर्मभेद (Record no. 200066)

MARC details
000 -LEADER
fixed length control field 00357nam a2200145Ia 4500
008 - FIXED-LENGTH DATA ELEMENTS--GENERAL INFORMATION
fixed length control field 090124s9999 xx 000 0 und d
082 ## - DEWEY DECIMAL CLASSIFICATION NUMBER
Item number 135193
245 ## - TITLE STATEMENT
Title मर्मभेद
250 ## - EDITION STATEMENT
Edition statement 2
260 ## - PUBLICATION, DISTRIBUTION, ETC. (IMPRINT)
Name of publisher, distributor, etc भागवत शशी
Date of publication, distribution, etc 1979
300 ## - PHYSICAL DESCRIPTION
Extent 263
630 ## - SUBJECT ADDED ENTRY--UNIFORM TITLE
Uniform title मर्मभेद
730 ## - ADDED ENTRY--UNIFORM TITLE
Uniform title मर्मभेद
942 ## - ADDED ENTRY ELEMENTS (KOHA)
Koha item type Book
Holdings
Withdrawn status Lost status Damaged status Not for loan Home library Current library Date acquired Cost, normal purchase price Total Checkouts Full call number Barcode Date last seen Cost, replacement price Price effective from Koha item type
        Marathi Granth Sangrahalaya,Thane Marathi Granth Sangrahalaya,Thane   45.00   135193 THNMGS-135193 01/24/2009 45.00 01/24/2009 Book